00963nam a22002657a 450000500170000001000110001702000220002802000150005003500110006503700160007604000120009208200130010424501540011726000410027127000390031230000200035165000460037165000360041770000260045370000340047970000250051394200220053899900190056095201180057920170124110010.0 a628835 c00.00a0041720075 a0041720083 a628835 bCen Lib/Ret aDPLbEN a327bFOR aThe theory of international relations :cedited by M. G. Forsyth, H. M. A. Keens-Soper [and] P. Savigearbselected texts from Gentili to Treitschke / aLondonbGeorge Allen and Unwinc1970 bLondonaRuskin House Museum Street a353p.c20cm(Hb) aInternational relations -- Sources917673 aPolítica internacional917674 aForsyth, M. G.917675 aKeens-Soper, H. M. A. 917676 a Savigear, P.917677 2ddccENh327mFOR c126494d126494 00104070aLbLd2015-06-25eCen Lib/Retg0.00l0o327 FORp628835r2015-06-25 00:00:00t1v0.00w2015-06-25yEN